Caricamento...

Chathans /

Dettagli Bibliografici
Autore principale: V. K. N.
Natura: Printed Book
Lingua:Malayalam
Pubblicazione: National Book Stall , 1971.
LEADER 00383nam a2200133Ia 4500
008 150624b xxu||||| |||| 00| | mal d
100 |a V. K. N. 
245 |c V. K. N.  |a Chathans / 
260 |b National Book Stall ,  |c 1971. 
300 |a 269 p. 
546 |a In Malayalam. 
942 |c BK 
999 |c 71952  |d 71952 
952 |0 1  |1 0  |4 1  |7 0  |9 71907  |a UL  |b UL  |c ST1  |d 1998-09-15  |l 0  |p 6081  |r 2012-10-27  |w 2012-10-27  |y BK